Odd One Out: Grammy Award Winners - Statistics

General Stats
  • This quiz has been taken 79 times
  • The average score is 9 of 15
Answer Stats
Question Answer % Correct
... Best Music Video? Adore You - Harry Styles
75%
... Song of the Year? John Legend and will.i.am - Ordinary People by John Legend
75%
... Producer of the Year (Non-Classical)? Kanye West
75%
... Best Rap Performance? Black and Yellow - Wiz Khalifa
63%
Which did not win.... Album of the Year? DAMN. - Kendrick Lamar
63%
... Best Rock Performance? Heathens - Twenty-One Pilots
63%
... Best New Artist? Khalid
63%
... Record of the Year? Old Town Road - Lil Nas X featuring Billy Ray Cyrus
63%
... Best Country Solo Performance? Parallel Line - Keith Urban
63%
... Best Musical Theatre Album? American Utopia on Broadway - David Byrne (soloist/producer/composer)
50%
... Best Alternative Music Album? Currents - Tame Impala
50%
... Best Latin Pop or Urban Album? Vida - Luis Fonsi
50%
... Best R&B Performance? Adorn - Miguel
38%
... Best Pop Solo Performance? Bad Guy - Billie Eilish
38%
... Best Dance Recording? Levels - Avicii
38%
No matching quizzes found
Score Distribution
Percent of People with Each Score
Percentile by Number Answered
Your Score History
You have not taken this quiz